Calciatori della Serie A nella Squadra della stagione della Champions - Statistics

Statistiche generali
  • Questo quiz è stato fatto 31 volte
  • Il punteggio medio è 9 su 13
Statistiche sulle risposte
Numero apparizioni Edizioni apparizioni Nazione Squadra Calciatore % Corretto
2 2014-2015; 2017-2018 Italia Juventus Giorgio Chiellini
100%
1 2016-2017 Italia Juventus Leonardo Bonucci
100%
1 2018-2019 Portogallo Juventus Cristiano Ronaldo
97%
1 2016-2017 Bosnia ed Erzegovina Juventus Miralem Pjanić
97%
2 2014-2015; 2016-2017 Italia Juventus Gianluigi Buffon
93%
1 2014-2015 Italia Juventus Andrea Pirlo
83%
1 2014-2015 Spagna Juventus Álvaro Morata
69%
1 2014-2015 Italia Juventus Claudio Marchisio
69%
1 2017-2018 Brasile Roma Alisson
59%
1 2019-2020 Argentina Atalanta Alejandro Gómez
45%
1 2017-2018 Bosnia ed Erzegovina Roma Edin Džeko
45%
1 2022-2023 Italia Inter Alessandro Bastoni
34%
1 2022-2023 Italia Inter Federico Dimarco
28%
Nessun quiz corrispondente trovato
Distribuzione punteggi
Percentuale di utenti per punteggio
Percentile per numero di risposta
I tuoi punteggi nel tempo
Non hai fatto questo quiz